000 00859nam a2200229 i 4500
001 182817
003 ES-MaACL
005 20250829062536.0
008 131106s1987 sp | |||| ||spa d
080 _a1(38)"-03/+00"
100 1 _aMedina González, Alberto.
_979739
245 1 3 _aEl ideal del sabio en las escuelas helenísticas /
_cAlberto Medina González.
260 _aÁvila :
_bFundación Pública Santa Teresa :
_bUNED, Centro Asociado en Ávila,
_c[1987?]
300 _a30 p. :
_bil. ;
_c24 cm.
490 1 _aBoletín universitario ;
_v6
650 7 _aFilosofía helenística
_2embne
_912852
650 4 _aSaber y erudicción.
_9153788
710 2 _aUniversidad Nacional de Educación a Distancia (España)
_97405
830 1 _aBoletín universitario ;
_v6
_9224898
852 _aES-MaACL
_j2329-F-29
999 _c182817
_d182817